Carlo's Song - Noah Kahan (All Lyrics) - Statistics

General Stats
  • This quiz has been taken 145 times
    138 since last reset
  • The average score is 288 of 342
Answer Stats
Lyrics % Correct
a
100%
I
100%
And
98%
and
98%
Do
98%
go
98%
in
98%
In
98%
remember
98%
the
98%
The
98%
to
98%
To
98%
We
98%
we
98%
"We
98%
you
98%
You
98%
comes
96%
hair
96%
just
96%
Just
96%
on
96%
were
96%
Were
96%
Where
96%
your
96%
all
95%
By
95%
dreaming
95%
fine
95%
for
95%
for?
95%
it
95%
know
95%
light
95%
looking
95%
of
95%
out
95%
Did
93%
did
93%
drinking
93%
find
93%
from
93%
grew
93%
hope
93%
long
93%
my
93%
"Only
93%
only
93%
place
93%
sister's
93%
that
93%
what
93%
alive
91%
got
91%
keep
91%
lot
91%
parking
91%
skin
91%
Some
91%
Die
89%
escape
89%
Good
89%
it's
89%
its
89%
listen
89%
Young"
89%
down
88%
about
86%
Be
86%
bridges
86%
burning
86%
but
86%
But
86%
moment,
86%
I'm
84%
statement
84%
then
84%
wasted
82%
laughed
81%
Friends"
79%
Going
79%
saw
79%
song
79%
lost
77%
see
77%
busy,
75%
city,
75%
goddamn
75%
morning
75%
moved
75%
weekend
75%
both
74%
every
74%
guess
74%
If
74%
Jack
74%
keeps
74%
other
74%
playing
74%
trailhead?
74%
who
74%
at
72%
direction,
72%
I'll
72%
same
72%
cover
70%
fire
70%
They
70%
they
70%
am
68%
eyes
68%
is
68%
noise
68%
sin
68%
speakers,
68%
grief
67%
love
67%
say
67%
sunset?
67%
walked
67%
me
65%
prophetic
65%
regret
65%
tower
65%
wanna
65%
White,
65%
anymore
63%
drowns
63%
growing
63%
have
63%
ooh
63%
ooh,
63%
anger
61%
before
61%
floor
61%
milk
61%
shown
61%
been
60%
has
60%
like
60%
never
60%
tell
60%
don't
58%
letting
58%
Well,
58%
impatience
56%
Lord,
56%
spilled
56%
Still
56%
found
54%
hoping
54%
Yeah,
54%
haven't
49%
this
46%
angst
32%
Woo
26%
No matching quizzes found
Score Distribution
Percent of People with Each Score
Percentile by Number Answered
Your Score History
You have not taken this quiz since the last reset